000
00237nam a22001217a 4500
020
_a
0-340-75281-5
082
_a
823
_b
BUT/J
100
_a
BUTTERWORTH, NICK
245
_a
JAKE
260
_b
NICK BUTTER WORTH
300
_a
61
942
_c
BK
999
_c
5717
_d
5717